000 00423nam a22001697a 4500
005 20251108170952.0
008 250721s9999 xx 000 0 ara d
082 1 4 _aط/599.74/روب
100 1 _aروبن، ماري
245 1 0 _aالنمر /
264 1 _aجنيف :
_bميدليفانت،
300 _a23ص : مص
490 0 _aزدني قربا
650 1 7 _aالنمور
942 _2ddc
_cBK
999 _c53285
_d53285